Segundo Informe sobre Desarrollo Humano en Centroamerica y Panamá. Resumen

সংরক্ষণ করুন:
গ্রন্থ-পঞ্জীর বিবরন
বিন্যাস: পাঠ‍্য
ট্যাগগুলো: ট্যাগ যুক্ত করুন
কোনো ট্যাগ নেই, প্রথমজন হিসাবে ট্যাগ করুন!

MARC

LEADER 00000 a a2200000 04500
001 44953
003
040
245 |a Segundo Informe sobre Desarrollo Humano en Centroamerica y Panamá. Resumen  
773 |g ( , 2003)  
999 |c 28316  |d 28316